00375nam a2200157Ia 4500001000500000005001700005008004100022041000800063082001600071100002400087245005300111260000900164300002800173650000800201654000800209210920260306143818.0260306t2002||||xx |||||||||||||| ||spa|| aESP a612.82bL36 aLedoux, JosepheAUT 0aSynaptic self:bhow our brains become who we are c2002 a406 páginas :c21 cm. aGEN aCPS